La participación política de las mujeres /

Збережено в:
Бібліографічні деталі
Автор: Clarke Clarke, Mauren
Формат: Текст
Теги: Додати тег
Немає тегів, Будьте першим, хто поставить тег для цього запису!

MARC

LEADER 00000 a a2200000 04500
001 44073
003
040
100 |a Clarke Clarke, Mauren  
245 |a La participación política de las mujeres /  |c Mauren Clarke Clarke  
773 |g número10 (Noviembre, 2009), páginas 14-18; fotografías  
999 |c 39903  |d 39903